[Event "Euskadi-ch"]
[Site "Zornotza"]
[Date "2011.04.25"]
[Round "3"]
[White "Arias Garcia, Luis Javier"]
[Black "Martin Alvarez, Inigo"]
[Result "1/2-1/2"]
[WhiteElo "2178"]
[BlackElo "2316"]
[PlyCount "70"]
[EventDate "2011.04.23"]
[EventType "swiss"]
[EventRounds "7"]
[EventCountry "ESP"]
[SourceTitle "EXT 2018"]
[Source "ChessBase"]
[SourceDate "2017.10.13"]
[SourceVersion "1"]
[SourceVersionDate "2017.10.13"]
[SourceQuality "1"]

1. e4 c5 2. Nf3 Nc6 3. d4 cxd4 4. Nxd4 e6 5. Nb5 d6 6. c4 a6 7. N5a3 Nf6 8. Nc3 Be7 9. Be2 0-0 10. 0-0 b6 11. Be3 Ne5 12. Rc1 Bb7 13. f3 Ned7 14. Qd2 Qc7 15. Rfd1 Rac8 16. Nc2 Qb8 17. Nd4 Bd8 18. Bf1 Bc7 19. h3 Rfe8 20. a3 d5 21. cxd5 exd5 22. exd5 Rxe3 23. Qxe3 Bf4 24. Qd3 Ne5 25. Qb1 Nh5 26. Nce2 Rxc1 27. Rxc1 Be3+ 28. Kh1 Bxd5 29. Nf5 Bxc1 30. Ne7+ Kf8 31. Nxd5 Qd6 32. Qxc1 Qxd5 33. Qc8+ Ke7 34. Qc7+ Nd7 35. Nc3 Qg5 1/2-1/2

[Event "Euskadi-ch"]
[Site "Zornotza"]
[Date "2009.04.16"]
[Round "4"]
[White "Arias Garcia, Luis Javier"]
[Black "Limeres Guiance, Cristobal"]
[Result "1/2-1/2"]
[WhiteElo "2203"]
[BlackElo "2309"]
[PlyCount "33"]
[EventDate "2009.04.13"]
[EventType "swiss"]
[EventRounds "7"]
[EventCountry "ESP"]
[SourceTitle "EXT 2010"]
[Source "ChessBase"]
[SourceDate "2010.11.25"]
[SourceVersion "1"]
[SourceVersionDate "2010.11.25"]
[SourceQuality "1"]

1. Nf3 e6 2. c4 d5 3. g3 Nf6 4. b3 c6 5. Bg2 Bd6 6. Bb2 Qe7 7. d4 0-0 8. 0-0 Nbd7 9. Nbd2 b5 10. Ne5 Bb7 11. e4 bxc4 12. bxc4 Bxe5 13. dxe5 Nxe4 14. Nxe4 dxe4 15. Bxe4 Rab8 16. Qd3 c5 17. Rab1 1/2-1/2

[Event "Euskadi-ch"]
[Site "Zornotza"]
[Date "2009.04.14"]
[Round "2"]
[White "Galzagorri Uli, Yeray"]
[Black "Arias Garcia, Luis Javier"]
[Result "0-1"]
[WhiteElo "2263"]
[BlackElo "2203"]
[PlyCount "68"]
[EventDate "2009.04.13"]
[EventType "swiss"]
[EventRounds "7"]
[EventCountry "ESP"]
[SourceTitle "EXT 2010"]
[Source "ChessBase"]
[SourceDate "2010.11.25"]
[SourceVersion "1"]
[SourceVersionDate "2010.11.25"]
[SourceQuality "1"]

1. e4 e5 2. Nf3 Nc6 3. Nc3 Nf6 4. a3 d5 5. Bb5 d4 6. Ne2 Bd6 7. d3 Bd7 8. 0-0 Ne7 9. Bc4 c5 10. c3 dxc3 11. bxc3 0-0 12. Bg5 Ng6 13. d4 cxd4 14. cxd4 h6 15. dxe5 Bxe5 16. Nxe5 Nxe5 17. Bxf6 Qxf6 18. Bd5 Rad8 19. Qb3 Bc6 20. Nc3 Qf4 21. Bxc6 bxc6 22. h3 Rd6 23. Rad1 Rg6 24. g3 Qf3 25. Qc2 h5 26. h4 Qg4 27. Qe2 Nf3+ 28. Kg2 Nxh4+ 29. Kh2 Nf3+ 30. Kg2 h4 31. Rh1 Rh6 32. Rh3 Rf6 33. e5 Rf5 34. Qe4 Qxh3+ 0-1